| 000 | 00629cam a2200145 4500500 | ||
|---|---|---|---|
| 005 | 20251012020549.0 | ||
| 041 | _afre | ||
| 042 | _adc | ||
| 100 | 1 | 0 |
_aMontebello, Éliane de _eauthor |
| 245 | 0 | 0 | _aBOLCHI Elena Lucia, La consacrazione nell'Ordo Virginum. Forma di vita e disciplina canonica, coll. Tesi Gregoriana, Serie Diritto canonico, 56, Pontificia Università Gregoriana, Rome, 2002, 446 p. |
| 260 | _c2003. | ||
| 500 | _a62 | ||
| 786 | 0 | _nL'Année canonique | XLV | 1 | 2003-02-11 | p. 477-480 | 0570-1953 | |
| 856 | 4 | 1 | _uhttps://shs.cairn.info/revue-l-annee-canonique-2003-1-page-477?lang=fr&redirect-ssocas=7080 |
| 999 |
_c1535979 _d1535979 |
||